Vật liệu xây dựng : Viết theo chương trình đã được Hội đồng môn học ngành Xây dựng thông qua

Những tính chất cơ bản của vật liệu xây dựng. Khái niệm chung, nguyên liệu sản xuất, thành phần hoá học, nguyên tắc chế tạo ... của từng loại vật liệu xây dựng: Vật liệu đá thiên nhiên; Bê tông và các sản phẩm bê tông, vữa xây dựng ....

詳細記述

保存先:
書誌詳細
第一著者: Phùng, Văn Lự
フォーマット: 図書
言語:Undetermined
出版事項: Hà Nội Giáo Dục 2006
主題:
タグ: タグ追加
タグなし, このレコードへの初めてのタグを付けませんか!
Thư viện lưu trữ: Trung tâm Học liệu Trường Đại học Cần Thơ
LEADER 01083nam a2200217Ia 4500
001 CTU_120249
008 210402s9999 xx 000 0 und d
020 |c 25000 
082 |a 691 
082 |b L550 
100 |a Phùng, Văn Lự 
245 0 |a Vật liệu xây dựng : 
245 0 |b Viết theo chương trình đã được Hội đồng môn học ngành Xây dựng thông qua 
245 0 |c Phùng Văn Lự chủ biên, Phạm Duy Hữu , Phan Khắc Trí 
260 |a Hà Nội 
260 |b Giáo Dục 
260 |c 2006 
520 |a Những tính chất cơ bản của vật liệu xây dựng. Khái niệm chung, nguyên liệu sản xuất, thành phần hoá học, nguyên tắc chế tạo ... của từng loại vật liệu xây dựng: Vật liệu đá thiên nhiên; Bê tông và các sản phẩm bê tông, vữa xây dựng ... 
650 |a Building materials 
904 |i Giang 
980 |a Trung tâm Học liệu Trường Đại học Cần Thơ